Statistics for Luke Combs Charting Songs (Billboard Hot 100)

Click here to take the quiz!

General Stats

  • This quiz has been taken 199 times
    (11 since last reset)
  • The average score is 7 of 30

Answer Stats

AlbumWeeks OnPeakArtist(s)Song% Correct
This One's For You22 Weeks#31Luke CombsHurricane
78%
This One's For You Too31 Weeks#21Luke CombsBeautiful Crazy
56%
Gettin' Old52 Weeks#2Luke CombsFast Car
56%
Gettin' Old19 Weeks#26Luke CombsWhere the Wild Things Are
56%
The Prequel and What You See Is What You Get21 Weeks#21Luke CombsBeer Never Broke My Heart
44%
The Prequel and What You See Is What You Get24 Weeks#11Luke CombsEven Though I'm Leaving
33%
This One's For You20 Weeks#34Luke CombsOne Number Away
33%
This One's For You20 Weeks#33Luke CombsWhen It Rains It Pours
33%
What You See Is What You Get25 Weeks#15Luke CombsBetter Together
22%
Ain't My Last Rodeo11 Weeks#60Riley Green ft. Luke CombsDifferent 'Round Here
22%
Growin' Up23 Weeks#26Luke CombsDoin' This
22%
What You See Ain't Always What You Get45 Weeks#2Luke CombsForever After All
22%
Gettin' Old33 Weeks#15Luke CombsLove You Anyway
22%
The Prequel and What You See Is What You Get20 Weeks#23Luke CombsLovin' on You
22%
Growin' Up32 Weeks#8Luke CombsThe Kind of Love We Make
22%
What You See Is What You Get1 Week#97Luke Combs + Brooks & Dunn1, 2 Many
11%
Gettin' Old7 Weeks#33Luke Combs5 Leaf Clover
11%
What You See Ain't Always What You Get20 Weeks#32Luke CombsCold as You
11%
In It for the Money19 Weeks#26Jameson Rodgers ft. Luke CombsCold Beer Calling My Name
11%
What You See Is What You Get19 Weeks#20Luke Combs ft. Eric ChurchDoes to Me
11%
Growin' Up22 Weeks#23Luke CombsGoing, Going, Gone
11%
Gettin' Old5 Weeks#54Luke CombsGrowin' Up and Gettin' Old
11%
Gettin' Old1 Week#89Luke CombsJoe
11%
-2 Weeks#66Ed Sheeran & Luke CombsLife Goes On
11%
This One's For You Too1 Week#81Luke CombsMust've Never Met You
11%
This One's For You Too23 Weeks#31Luke CombsShe Got the Best of Me
11%
Growin' Up4 Weeks#61Luke CombsTomorrow Me
11%
What You See Ain't Always What You Get2 Weeks#58Luke CombsSix Feet Apart
0%
What You See Ain't Always What You Get1 Week#69Luke CombsThe Other Guy
0%
What You See Ain't Always What You Get2 Weeks#70Luke Combs ft. Amanda ShiresWithout You
0%

Score Distribution

Percentile by Number Answered

Percent of People with Each Score

Your Score History

You have not taken this quiz since the last reset